Organizational behaviour MGT-502 (Lecture Notes) (Record no. 60555)
[ view plain ]
| 000 -LEADER | |
|---|---|
| fixed length control field | 00495nam a22001817a 4500 |
| 003 - CONTROL NUMBER IDENTIFIER | |
| control field | NUST-PNEC |
| 005 - DATE AND TIME OF LATEST TRANSACTION | |
| control field | 20170116180701.0 |
| 008 - FIXED-LENGTH DATA ELEMENTS--GENERAL INFORMATION | |
| fixed length control field | 140909b xxu||||| |||| 00| 0 eng d |
| 040 ## - CATALOGING SOURCE | |
| Transcribing agency | PNEC |
| 082 ## - DEWEY DECIMAL CLASSIFICATION NUMBER | |
| Classification number | 658.4 VIR |
| 100 ## - MAIN ENTRY--PERSONAL NAME | |
| 9 (RLIN) | 272 |
| Personal name | Dr. Mukhtar Ahmed |
| 245 ## - TITLE STATEMENT | |
| Title | Organizational behaviour MGT-502 (Lecture Notes) |
| Statement of responsibility, etc. | Dr. Mukhtar Ahmed |
| 260 ## - PUBLICATION, DISTRIBUTION, ETC. | |
| Place of publication, distribution, etc. | Lahore |
| Name of publisher, distributor, etc. | Virtual University of Pakistan |
| Date of publication, distribution, etc. | c.2012 |
| 300 ## - PHYSICAL DESCRIPTION | |
| Extent | 217 p. : |
| Dimensions | 26 cm. |
| 500 ## - GENERAL NOTE | |
| General note | Lecture Notes |
| 650 ## - SUBJECT ADDED ENTRY--TOPICAL TERM | |
| General subdivision | MIS |
| 942 ## - ADDED ENTRY ELEMENTS (KOHA) | |
| Source of classification or shelving scheme | |
| Koha item type | Book |
| Withdrawn status | Lost status | Source of classification or shelving scheme | Damaged status | Not for loan | Permanent Location | Current Location | Date acquired | Source of acquisition | Cost, normal purchase price | Total Checkouts | Full call number | Barcode | Date last seen | Cost, replacement price | Price effective from | Koha item type |
|---|---|---|---|---|---|---|---|---|---|---|---|---|---|---|---|---|
| Pakistan Navy Engineering College (PNEC) | Pakistan Navy Engineering College (PNEC) | 03/26/2012 | ZS Dictionary Shop | 240.00 | 658.4 VIR | PNECLIB-030619 | 09/09/2014 | 240.00 | 03/26/2012 | Book |
